000 00652nam a22002057a 4500
999 _c61654
_d61654
005 20240410162332.0
008 240410s2008 enk||||| |||| 00| 0 eng d
020 _a9781904842552x
041 _aeng
080 _a614 H-30
100 _aHarris, Michael
_921755
245 _aMedical Statistics Made Easy 2 /
_cMichael Harris, Gordon Taylor.
250 _a2nd edition
264 _aOxford :
_bScion,
_c2008.
300 _a116 p. ;
_b24 cm.
653 _aსამედიცინო სტატისტიკა
653 _aმედიცინა
700 _aTaylor, Gordon
_eავტორი
_921756
942 _2udc
_cᲬᲘᲒᲜᲘ